| 000 | 01532nam a2200349 c 4500 | ||
|---|---|---|---|
| 003 | BLK | ||
| 005 | 20180420224910.0 | ||
| 008 | 180408b bul|||||r ||||||| ||bul|| | ||
| 010 | _aKNG00090122000 | ||
| 020 |
_a978-954-9935-31-8 _bиздат.: Рийдърс Дайджест |
||
| 040 | _aBLK | ||
| 041 |
_aBUL _cBUL |
||
| 072 | 7 |
_2bullib _aН92 _xИстория Н |
|
| 080 |
_aОбща световна история. История на света _b930.9 _x _z930.9 |
||
| 100 | 1 |
_aБригс, Ейза _eпърви автор _9301872 |
|
| 700 | 1 |
_aЧоролеева, Корнелия _eпрев. от англ. _9298626 |
|
| 139 |
_aКакво, кога, къде и как _bК 15 |
||
| 245 | 1 | 0 |
_aКакво, кога, къде и как _bНай-значимите ист. събития, променили света _cЕйза Бригс; прев. от англ. Корнелия Чоролеева. |
| 257 | _aUSA | ||
| 260 |
_аСофия _bРийдърс Дайджест _c2009 _fОтпеч. в Португалия |
||
| 300 |
_a448 с. _bс цв. ил., табл., к. _c29 см |
||
| 380 | _a9 | ||
| 500 | _aОриг. загл. When, Where, Why, and How It Happened. - Съдържа и Бележити дати ; Индекс. | ||
| 650 | 4 |
_aИстория, световна _9261939 |
|
| 653 | _aсветовна история | ||
| 659 | _aН | ||
| 852 | _aЦб ІІ 15712 | ||
| 856 | 4 |
_qpdf _u |
|
| 856 | 4 |
_qpdf _u |
|
| 942 |
_cKNG _n0 |
||
| 944 |
_aCR _c22.06.2009 _lф / _kВаля_Йорданова |
||
| 944 |
_aED _c03.05.2010 _lф / _k |
||
| 999 |
_c85522 _d85522 |
||